Progreso técnico y problemas morales dentro de la medicina actual (Registro nro. 69632)
[ vista simple ]
| 000 -LÍDER | |
|---|---|
| Campo fijo de descripción fija | 01281nab a2200217 i 4500 |
| 001 - NÚMERO DE CONTROL | |
| Campo de control | 768714001 |
| 003 - IDENTIFICADOR DEL NÚMERO DE CONTROL | |
| Campo de control | CO-MdFUSB |
| 005 - FECHA Y HORA DE LA ULTIMA TRANSACCIÓN | |
| control field | 20240509164527.0 |
| 008 - ELEMENTOS DE LONGITUD FIJA -- INFORMACIÓN GENERAL | |
| Campo fijo de descripción fija -- Información general | 240509t1969 sp ||||| |||| 00| 0 spa d |
| 040 ## - FUENTE DE CATALOGACIÓN | |
| Idioma de catalogación | spa |
| Agencia que realiza la transcripción | CO-MdFUSB |
| Agencia que realiza la modificación | CO-MdFUSB |
| 041 ## - CÓDIGO DE IDIOMA | |
| Código de idioma para texto/pista de sonido o título separado | spa |
| 100 ## - ASIENTO PRINCIPAL--NOMBRE PERSONAL | |
| Nombre personal | Kautzky, Rudolf, |
| Término relacionador | autor |
| 245 ## - TÍTULO | |
| Título | Progreso técnico y problemas morales dentro de la medicina actual |
| Mención de responsabilidad | / Rudolf Kautzky |
| 520 ## - NOTA DE RESUMEN, ETC. | |
| Nota de sumario, etc. | Con los avances de la medicina, el poder del médico en la vida humana aumenta constantemente. La influencia de un médico puede comenzar antes del comienzo de la vida de una persona y también puede extenderse hasta el final. Todo el mundo conoce el dominio médico actual sobre la concepción, tanto de forma positiva como negativa; tratando de influir en las condiciones o intervenciones hereditarias del feto. En este sentido, el médico realmente tiene en sus manos la vida del paciente. |
| 650 #2 - ASIENTO SECUNDARIO DE MATERIA - TERMINO TEMÁTICO | |
| Término temático o nombre geográfico como elemento de entrada | Conciencia (Moral) |
| 9 (RLIN) | 927 |
| 650 #0 - ASIENTO SECUNDARIO DE MATERIA - TERMINO TEMÁTICO | |
| Término temático o nombre geográfico como elemento de entrada | Problemas sociales |
| 9 (RLIN) | 946 |
| 653 ## - TÉRMINO DE INDIZACIÓN - NO CONTROLADO | |
| Término no controlado | Profesión y responsabilidad en la sociedad |
| 773 0# - ASIENTO DE ITEM FUENTE | |
| Biblionumber | 49450 |
| Itemnumber | 82608 |
| Otro identificador del ítem | R2535 |
| Título | Revista internacional de teología Concilium |
| Número de control del registro | (CO-MdFUSB)8 |
| Número Internacional Normalizado para Publicaciones Seriadas (ISSN) | 0210-1041 |
| Parte(s) relacionada(s) / Volumen., número. (mes año), páginas | Número 45, (mayo, 1969), páginas: 245 - 260 |
| Enumeración y primera página | página: 245 |
| 942 ## - TIPO DE MATERIAL (KOHA) | |
| Tipo de Item KOHA | Artículos de Revista |
| 945 ## - INFORMACIÓN LOCAL DEL REGISTRO | |
| Catalogador | Catherine Arias Alvarez - Practicante SENA |
No hay ítems disponibles.
